=LDR 00000nam 2200000 4500 =001 INLIS000000000025314 =005 20130612123832 =008 ***********************************Ind** =035 ##$$0010-061300000025314 =041 ##$$a Ind =082 ##$$a 813 =090 ##$$a 813, Wij p =100 ##$$a Wijaya, Putu =245 ##$$a Putri, Putu Wijaya, 2004 =260 ##$$a 2004 $b Jakarta =300 ##$$a 596 hlm, 21 cm =650 ##$$a Sastra indonesia =850 ##$$a NBPNMAT =990 ##$$a 0001/BPAP-NTB/2016 =990 ##$$a 0001/BPAP-NTB/2016